The best of forbes india / (Record no. 157903)

MARC details
000 -LEADER
fixed length control field 00637nam a22002057a 4500
005 - DATE AND TIME OF LATEST TRANSACTION
control field 20181008152544.0
008 - FIXED-LENGTH DATA ELEMENTS--GENERAL INFORMATION
fixed length control field 181008b ||||| |||| 00| 0 eng d
010 ## - LCCN (DPL NO)
LC control number ENG-124213
020 ## - INTERNATIONAL STANDARD BOOK NUMBER
Terms of availability 1999.00
International Standard Book Number 9789380200163
035 ## - SYSTEM CONTROL NUMBER
System control number EN-107745
037 ## - SOURCE OF ACQUISITION
Source of stock number/acquisition DBAD/PUB
040 ## - CATALOGING SOURCE
Original cataloging agency DPL
Language of cataloging English
082 ## - DEWEY DECIMAL CLASSIFICATION NUMBER
Classification number 338.040954
245 ## - TITLE STATEMENT
Title The best of forbes india /
250 ## - EDITION STATEMENT
Edition statement 1st anniversary ed.
260 ## - PUBLICATION, DISTRIBUTION, ETC. (IMPRINT)
Place of publication, distribution, etc New Delhi
Name of publisher, distributor, etc Network18 Publications
Date of publication, distribution, etc 2010
270 ## - ADDRESS
Address 507, Prabhat Kiran, 17, Rajendra Place,
City New Delhi
Postal code 110 008
300 ## - PHYSICAL DESCRIPTION
Extent vii,169p. :
Dimensions 25cm (Hb)
Other physical details ill.
942 ## - ADDED ENTRY ELEMENTS (KOHA)
Institution code [OBSOLETE] dpl
Item type English Books
Source of classification or shelving scheme Dewey Decimal Classification
Classification part 338.040954
Call number suffix BES
Holdings
Withdrawn status Lost status Source of classification or shelving scheme Damaged status Not for loan Collection code Home library Current library Date acquired Source of acquisition Cost, normal purchase price Total Checkouts Full call number Barcode Date last seen Copy number Cost, replacement price Koha item type
    Dewey Decimal Classification   Not For Loan Non-fiction D.B.Act.Division Sarojini Nagar 08/10/2018 DBAD/PUB 1999.00   338.040954 BES EN-107745 08/10/2018 1 1999.00 English Books

© Delhi Public Library
Hit Counter
free hit counter